[Event "ROM-ch Rapid"]
[Site "Bucharest"]
[Date "2022.03.11"]
[Round "2"]
[White "Chiricuta, Ion"]
[Black "Paraschiv, Paul Alexandru"]
[Result "0-1"]
[WhiteElo "1723"]
[BlackElo "2143"]
[PlyCount "94"]
[EventDate "2022.03.11"]
[EventType "swiss (rapid)"]
[EventRounds "9"]
[EventCountry "ROU"]
[SourceTitle "CBM 207 Extra"]
[Source "ChessBase"]
[SourceDate "2022.05.31"]
[SourceVersion "1"]
[SourceVersionDate "2022.05.31"]
[SourceQuality "1"]

1. e4 e6 2. c4 d5 3. cxd5 exd5 4. Qb3 c6 5. Nf3 dxe4 6. Bc4 Nh6 7. Ne5 Qe7 8. d4 Qb4+ 9. Nc3 Qxb3 10. Bxb3 f6 11. Bxh6 fxe5 12. Be3 Bf5 13. dxe5 Nd7 14. e6 Nc5 15. 0-0 Nxb3 16. axb3 a6 17. g4 Bxg4 18. Nxe4 Bxe6 19. Bc5 0-0-0 20. b4 Bd5 21. Rfe1 Bxc5 22. bxc5 Bxe4 23. Rxe4 Rhe8 24. Rae1 Rxe4 25. Rxe4 Kd7 26. Kg2 Re8 27. Rb4 Kc7 28. Kf3 a5 29. Rc4 Re7 30. h4 b6 31. cxb6+ Kxb6 32. h5 Kb5 33. Rg4 a4 34. h6 gxh6 35. Kg3 Rf7 36. f4 Kb4 37. f5+ Kb3 38. Kf4 Kxb2 39. Rg2+ Kb3 40. Rg3+ Kb4 41. Ke5 a3 42. Rg4+ Kb5 43. Ke6 Ra7 44. Rg1 a2 45. Ra1 Kb4 46. f6 Kb3 47. f7 Rxf7 0-1